Inteligencia emocional en el liderazgo / (Registro nro. 7871)

Detalles MARC
000 -LEADER
fixed length control field 00688nam a22002297a 4500
001 - CONTROL NUMBER
control field 000568
003 - CONTROL NUMBER IDENTIFIER
control field DO-SdBNP
005 - DATE AND TIME OF LATEST TRANSACTION
control field 20160316141748.0
007 - PHYSICAL DESCRIPTION FIXED FIELD--GENERAL INFORMATION
fixed length control field 000568
008 - FIXED-LENGTH DATA ELEMENTS--GENERAL INFORMATION
fixed length control field 150618b xxu||||| |||| 00| 0 spa d
020 ## - INTERNATIONAL STANDARD BOOK NUMBER
International Standard Book Number 9562393437
040 ## - CATALOGING SOURCE
Original cataloging agency BPMSU
Language of cataloging spa
Transcribing agency BPMSU
100 10 - MAIN ENTRY--PERSONAL NAME
Personal name Abarca, Nureya
Dates associated with a name 1948-
245 10 - TITLE STATEMENT
Title Inteligencia emocional en el liderazgo /
Statement of responsibility, etc. Nureya Abarca; prólogo de Nicolás Majluf
250 ## - EDITION STATEMENT
Edition statement 5a ed.
260 ## - PUBLICATION, DISTRIBUTION, ETC. (IMPRINT)
Place of publication, distribution, etc. Santiago de Chile
Name of publisher, distributor, etc. El mercurio Aguilar
Date of publication, distribution, etc. 2007
300 ## - PHYSICAL DESCRIPTION
Extent 273 p.
Dimensions 23 cm.
504 ## - BIBLIOGRAPHY, ETC. NOTE
Bibliography, etc Bibliografía: páginas 265-273
700 1# - ADDED ENTRY--PERSONAL NAME
Personal name Majluf, Nicolás
Dates associated with a name 1945-
Relator term prologuista
942 ## - ADDED ENTRY ELEMENTS (KOHA)
Source of classification or shelving scheme Dewey Decimal Classification
Koha item type Libros
956 ## - LOCAL ELECTRONIC LOCATION AND ACCESS (OCLC)
Access method VMATEO
Materials specified 10
Linkage 20160313
Field link and sequence number BPMSU
Host name 00151
Existencias
Withdrawn status Lost status Source of classification or shelving scheme Damaged status Not for loan Home library Current library Date acquired Total Checkouts Barcode Date last seen Price effective from Copy number
    Dewey Decimal Classification     Biblioteca Pública Metropolitana Salomé Ureña Biblioteca Pública Metropolitana Salomé Ureña 05/12/2015   BPMET15051700 05/12/2015 05/12/2015  
    Dewey Decimal Classification     Biblioteca Pública Metropolitana Salomé Ureña Biblioteca Pública Metropolitana Salomé Ureña 05/12/2015   BPMET15051701 05/12/2015 05/12/2015 e. 2
    Dewey Decimal Classification     Biblioteca Pública Metropolitana Salomé Ureña Biblioteca Pública Metropolitana Salomé Ureña 05/12/2015   BPMET15051702 05/12/2015 05/12/2015 e. 3